BASICS OF HORTICULTURE (Record no. 25788)

MARC details
000 -LEADER
fixed length control field 00327nam a22001577a 4500
003 - CONTROL NUMBER IDENTIFIER
control field SGT
020 ## - INTERNATIONAL STANDARD BOOK NUMBER
International Standard Book Number 9789386546524
082 ## - DEWEY DECIMAL CLASSIFICATION NUMBER
Classification number 635
Item number PET
100 ## - MAIN ENTRY--PERSONAL NAME
Personal name PETER, K.V.
245 ## - TITLE STATEMENT
Title BASICS OF HORTICULTURE
250 ## - EDITION STATEMENT
Edition statement 3RD
260 ## - PUBLICATION, DISTRIBUTION, ETC. (IMPRINT)
Place of publication, distribution, etc INDIA
Name of publisher, distributor, etc NEWINDIA
Year of Publication 2018
300 ## - PAGE DESCRIPTION
No. of Pages 795
650 ## - SUBJECT ADDED ENTRY--TOPICAL TERM
Topical term or geographic name as entry element HORTICULTURE
942 ## - ADDED ENTRY ELEMENTS (KOHA)
Source of classification or shelving scheme Dewey Decimal Classification
Koha item type Books
Holdings
Withdrawn status Lost status Source of classification or shelving scheme Damaged status Not for loan Home library Current library Shelving location Date acquired Vendor Name Cost, normal purchase price SGTU Bill Number Total Checkouts Full call number Accession No. (Barcode) Date last seen Bill Date Koha item type
    Dewey Decimal Classification   Not For Loan SGT Science & Social Sciences Library SGT Science & Social Sciences Library Reference Book 29/02/2024 SAVERA 5995.00 SGTU 23-24/CRB/882   635 PET AG2586 29/02/2024   Books